Root cause analysis : improving performance for bottom-line results /
Guardado en:
| Autor Principal: | |
|---|---|
| Otros Autores: | |
| Formato: | Libro |
| Idioma: | English |
| Publicado: |
Boca Raton, Fla. :
CRC Press,
c2002.
|
| Edición: | 2nd ed. |
| Series: | Plant engineering series (Boca Raton, Fla.).
|
| Materias: | |
| Acceso en línea: | Descripción |
| Etiquetas: |
Agregar Etiqueta
Sin Etiquetas, Sea el primero en etiquetar este registro!
|
| LEADER | 01129cam a22002895a 4500 | ||
|---|---|---|---|
| 001 | EIQ.libpla002955 | ||
| 008 | 020122s2002####flua#####b####001#0#eng#d | ||
| 005 | 20070921183022.0 | ||
| 245 | 1 | 0 | |a Root cause analysis : |b improving performance for bottom-line results / |c Robert J. Latino [and] Kenneth C. Latino. |
| 250 | |a 2nd ed. | ||
| 260 | |a Boca Raton, Fla. : |b CRC Press, |c c2002. | ||
| 300 | |a 245 p. : |b il. ; |c 24 cm. | ||
| 490 | 1 | |a Plant engineering series | |
| 504 | |a Incluye referencias bibliográficas e índice. | ||
| 020 | |a 084931318X (alk. paper) | ||
| 100 | 1 | |a Latino, Robert J. | |
| 700 | 1 | |a Latino, Kenneth C. | |
| 830 | 0 | |a Plant engineering series (Boca Raton, Fla.). | |
| 082 | 0 | 0 | |a 658.5/62 |2 21 |
| 650 | 4 | |a Control de calidad |x Procesamiento de datos. | |
| 650 | 4 | |a Accidentes industriales |x Investigación. | |
| 650 | 0 | |a Quality control |x Data processing. | |
| 650 | 0 | |a Industrial accidents |x Investigation. | |
| 010 | |a 2002017538 | ||
| 040 | |a DLC |c DLC |d AR-BbSID | ||
| 856 | 4 | 2 | |3 Descripción |u http://www.loc.gov/catdir/enhancements/fy0646/2002017538-d.html |
| 859 | |a AR-BbSID |b BIB. PLAPIQUI |h 658.562 |i L 349 |p 5608 | ||
